[Event "URS tt"]
[Site "Jaroslavl"]
[Date "1986.??.??"]
[Round "?"]
[White "Osnos, Viatcheslav"]
[Black "Sveshnikov, Evgeny"]
[Result "1/2-1/2"]
[WhiteElo "2435"]
[BlackElo "2560"]

1.c4 e6 2.Nf3 d5 3.d4 Nf6 4.Bg5 h6 5.Bxf6 Qxf6 6.Nc3 c6 7.e3 Nd7 8.Qc2 Qd8
9.a3 Be7 10.Bd3 O-O 11.O-O a6 12.Rac1 f5 13.cxd5 cxd5 14.Qb3 Qb6 15.Qxb6 Nxb6
16.Ne5 Bd6 17.Ne2 Bd7 18.Nxd7 Nxd7 19.Rc3 Rfc8 20.Rfc1 Rxc3 21.Rxc3 Kf8 22.h3 Ke7
23.f3 h5 24.h4 Rb8 25.a4 Nb6 26.b3 Rg8 27.Kf2 Kd7 28.Bb1 Nc8 29.Nc1 Ne7 30.Nd3 Nc6
31.Bc2 f4 32.Nxf4 Bxf4 33.exf4 Nxd4 34.Bg6 Rh8 35.b4 Rh6 36.Bd3 Rh8 37.Ke3 Nc6
38.Rb3 Ne7 39.b5 a5 40.Rc3 Kd6 41.Rc1 Rc8 42.Rxc8 Nxc8 43.Kd4 Nb6 44.Bc2 Nc4
45.Bd3 Nb6 46.Bc2 Nc4 47.Bg6 Nb6 48.Bc2  1/2-1/2

[Event "URS-ch sf"]
[Site "Lvov"]
[Date "1986.??.??"]
[Round "72"]
[White "Lisenko, Alexander V"]
[Black "Doroshkievich, Vladimir K"]
[Result "0-1"]
[WhiteElo "2370"]
[BlackElo "2390"]

1.c4 e6 2.Nf3 d5 3.g3 Nf6 4.Bg2 dxc4 5.Qa4+ Nbd7 6.Qxc4 c5 7.Qb3 Be7 8.d3 Nd5
9.Nc3 N7f6 10.Ne5 O-O 11.O-O Qc7 12.Nc4 a6 13.Nxd5 Nxd5 14.Bxd5 exd5 15.Nb6 Be6
16.Bf4 Qc6 17.Nxa8 Rxa8 18.d4 c4 19.Qf3 b5 20.a3 Bf5 21.Bd2 Qd7 22.Rfe1 Bg6
23.Bc3 h6 24.a4 Re8 25.axb5 axb5 26.Ra6 Be4 27.Qh5 Bg5 28.e3 g6 29.Qd1 Qf5
30.g4 Qc8 31.Rb6 h5 32.f3 Bd3 33.f4 Bh4 34.gxh5 Qh3 35.hxg6 Bf2+ 36.Kxf2 Qxh2+
37.Kf3 Qh3+ 38.Kf2 Qh2+ 39.Kf3 Be4+  0-1

[Event "Moscow"]
[Site "Moscow"]
[Date "1986.??.??"]
[Round "?"]
[White "Inkiov, Ventzislav"]
[Black "Arkhipov, Sergey"]
[Result "1-0"]
[WhiteElo "2465"]
[BlackElo "2545"]

1.Nf3 e6 2.c4 d5 3.d4 c6 4.Qc2 Nf6 5.g3 Be7 6.Bg2 O-O 7.O-O Na6 8.Nbd2 b6
9.e4 Bb7 10.b3 c5 11.exd5 exd5 12.Bb2 Nb4 13.Qb1 dxc4 14.bxc4 cxd4 15.Nxd4 Bxg2
16.Kxg2 Re8 17.N2f3 Bf8 18.Rd1 Qc8 19.Nf5 Qc6 20.Qc1 Ne4 21.Qf4 f6 22.Qg4 Ng5
23.Nd4 Qe4 24.Qxe4 Nxe4 25.a3 Na6 26.Nb5 Rac8 27.Rd4 Nac5 28.Re1 f5 29.Rd5 g6
30.Be5 a6 31.Nd6 Rc6 32.Nxe4 Nxe4 33.g4 Rxc4 34.gxf5 gxf5 35.Bd4 Nd6 36.Kh1 h6
37.Rg1+ Kh7 38.Rxd6 Bxd6 39.Rg7+ Kh8 40.Ra7+  1-0

[Event "POL-chT"]
[Site "Porabka"]
[Date "1986.??.??"]
[Round "?"]
[White "Rosiak, Andrzej"]
[Black "Radziejewski, Dariusz"]
[Result "1/2-1/2"]
[WhiteElo "2330"]
[BlackElo "2310"]

1.c4 e6 2.Nf3 d5 3.g3 Nf6 4.Bg2 Be7 5.O-O O-O 6.b3 c5 7.Bb2 Nc6 8.cxd5 Nxd5
9.Nc3 Bf6 10.Qc2 Ndb4 11.Qb1 Bd7 12.Ne4 Bxb2 13.Qxb2 Qe7  1/2-1/2

[Event "Sao Paulo"]
[Site "Sao Paulo"]
[Date "1986.??.??"]
[Round "?"]
[White "Sunye Neto, Jaime"]
[Black "Rubinetti, Jorge A"]
[Result "1-0"]
[WhiteElo "2480"]
[BlackElo "2440"]

1.c4 e6 2.Nf3 d5 3.g3 Nf6 4.Bg2 Be7 5.O-O O-O 6.d4 dxc4 7.Na3 Bxa3 8.bxa3 Bd7
9.Ne5 Bc6 10.Nxc6 Nxc6 11.Bb2 Nd5 12.Rc1 c3 13.Ba1 f5 14.e3 Qd6 15.Qb3 a5
16.Bxc3 a4 17.Qb5 Ra6 18.Bb2 Nce7 19.Qe2 c6 20.Rfe1 Rb6 21.Rc2 Ra8 22.f3 Nc7
23.e4 Nb5 24.Qc4 fxe4 25.fxe4 Rd8 26.Rf2 Nc7 27.Qc3 Nb5 28.Qf3 Ng6 29.d5 e5
30.Ref1 cxd5 31.Qf7+ Kh8 32.Bxe5  1-0

[Event "Sao Paulo"]
[Site "Sao Paulo"]
[Date "1986.??.??"]
[Round "?"]
[White "Sunye Neto, Jaime"]
[Black "Sveshnikov, Evgeny"]
[Result "1/2-1/2"]
[WhiteElo "2480"]
[BlackElo "2560"]

1.c4 e6 2.Nf3 d5 3.g3 Nf6 4.Bg2 dxc4 5.Qa4+ Nbd7 6.Qxc4 c5 7.Qb3 Rb8 8.a4 b6
9.Nc3 a6 10.O-O Bb7 11.Rd1 Bd6 12.d4 O-O 13.Ng5 cxd4 14.Rxd4 Be5 15.Rd1 Nc5
16.Qc2 Qc7 17.Bxb7 Qxb7 18.Nf3 Bxc3 19.Qxc3 Rbc8 20.Qa3 Qe4 21.Be3 Nd5 22.Rd4 Qc2
23.Rd2 Nxe3 24.Qxe3 Qb3 25.Qd4 a5 26.Ne5 b5 27.Ra3 Qb4 28.axb5 Qxb5 29.Qe3 f6
30.Nd3 e5  1/2-1/2

[Event "URS-ch sf"]
[Site "Sevastopol"]
[Date "1986.??.??"]
[Round "?"]
[White "Osnos, Viatcheslav"]
[Black "Petrosian, Arshak B"]
[Result "1/2-1/2"]
[WhiteElo "2435"]
[BlackElo "2495"]

1.c4 e6 2.Nf3 d5 3.b3 Be7 4.Bb2 Bf6 5.Nc3 dxc4 6.bxc4 c5 7.g3 b6 8.Bg2 Bb7
9.O-O Nc6 10.Qc2 Nge7 11.Ne4 Bd4 12.Nxd4 Nxd4 13.Bxd4 Qxd4 14.e3 Qd8 15.Qa4+ Bc6
16.Nf6+ gxf6 17.Bxc6+ Nxc6 18.Qxc6+ Ke7 19.Rad1 Rc8 20.Qa4 Qd7 21.Qa3 Qb7
22.d4 Rhd8 23.Rd3 Ke8 24.Rfd1 cxd4 25.Rxd4 Rxd4 26.Rxd4 Rc5 27.Rh4 h5 28.Rf4  1/2-1/2

[Event "Sochi"]
[Site "Sochi"]
[Date "1986.??.??"]
[Round "6"]
[White "Vaganian, Rafael A"]
[Black "Sveshnikov, Evgeny"]
[Result "1-0"]
[WhiteElo "2600"]
[BlackElo "2535"]

1.c4 e6 2.Nf3 d5 3.d4 Nf6 4.e3 c5 5.cxd5 Nxd5 6.Nc3 cxd4 7.exd4 Bb4 8.Bd2 Nc6
9.Bd3 Be7 10.a3 Bf6 11.O-O h6 12.Qc2 O-O 13.Be3 Nce7 14.Ne4 Nf5 15.Qd2 b6
16.Rac1 Bb7 17.Bb1 Qe7 18.Qd3 Rfd8 19.Bd2 g6 20.Nxf6+ Nxf6 21.Bb4 Qd7 22.Rfe1 Rac8
23.Bc3 Nd5 24.Ne5 Qe7 25.Bd2 Rxc1 26.Bxc1 Nf6 27.Qh3 Rxd4 28.g4 Qc5 29.gxf5 Qd5
30.f3 Rd1 31.Qf1 Rxc1 32.Rxc1 Qxe5 33.Re1 Qd4+ 34.Qf2 Qxf2+ 35.Kxf2 gxf5
36.Rc1 Ne8 37.Bd3 a6 38.f4 Kf8 39.Be2 Ke7 40.Rc3 e5 41.fxe5 Ke6 42.Bf3 Be4
43.Rc8 Ng7 44.Rg8 Bxf3 45.Kxf3  1-0

[Event "Solingen"]
[Site "Solingen"]
[Date "1986.??.??"]
[Round "?"]
[White "Schneider, B."]
[Black "Capelan, Guenter"]
[Result "1/2-1/2"]
[WhiteElo "2350"]
[BlackElo "2425"]

1.c4 e6 2.Nf3 d5 3.d4 Nf6 4.Nc3 c6 5.cxd5 exd5 6.Bg5 Nbd7 7.e3 h6 8.Bh4 Be7
9.Qc2 O-O 10.Bd3 Re8 11.Nd2 Ng4 12.Bg3 Bh4 13.Nf3 Bxg3 14.hxg3 Ndf6 15.O-O-O Qe7
16.Nh2 Ne4 17.Nxg4 Bxg4 18.Rde1 Bf5 19.Bxe4 Bxe4 20.Nxe4 Qxe4 21.Qxe4 dxe4
22.Rh5 Rad8 23.Kd2 Kh7 24.Rc1 g6 25.Ra5 a6 26.b4 Kg7 27.a4 Re6 28.Rac5 Rd7
29.R1c2 Kf6 30.Rb2 Rd5 31.Rbc2 Red6 32.f3 exf3 33.gxf3 Ke6 34.Kd3 f5 35.Rg2 h5
36.g4 hxg4 37.fxg4 Kf6 38.gxf5 gxf5 39.Rg8 Rd8 40.Rg2 R8d6 41.Rh2 Kg7 42.Rc1 Rg6
43.Rch1 Kf7 44.Rh8 Rg7 45.Rb8 Kf6 46.Rf8+ Ke7 47.Rhh8 a5 48.Rb8 Kf6 49.Rhf8+ Ke6
50.Rbe8+ Kd6 51.Rd8+ Rd7 52.Rxd7+ Kxd7 53.Rf7+ Kc8 54.Kc4 b5+ 55.axb5 Rxb5
56.bxa5 Rxa5 57.Kd3 Rd5 58.Ke2 c5 59.dxc5 Rxc5 60.Kf3 Kd8 61.Kf4 Ke8 62.Rxf5 Rc4+
63.e4 Ke7 64.Rh5 Ra4 65.Rh7+ Ke6 66.Rh6+ Ke7 67.Kf5 Ra1 68.Rh7+ Ke8 69.e5 Ra6  1/2-1/2

[Event "Solingen"]
[Site "Solingen"]
[Date "1986.??.??"]
[Round "?"]
[White "Sunye Neto, Jaime"]
[Black "Capelan, Guenter"]
[Result "1-0"]
[WhiteElo "2515"]
[BlackElo "2425"]

1.c4 e6 2.Nf3 d5 3.g3 Nf6 4.Bg2 Be7 5.O-O O-O 6.d4 Nbd7 7.Nc3 dxc4 8.e4 b6
9.Qe2 Ba6 10.a4 c6 11.Rd1 Bb4 12.Bf4 Qc8 13.Nd2 Re8 14.Bg5 e5 15.Bxf6 Nxf6
16.dxe5 Rxe5 17.h3 Nd5 18.Rac1 Nxc3 19.bxc3 Bc5 20.Kh2 b5 21.f4 Re7 22.e5 Ba3
23.Rb1 Rb8 24.Ne4 bxa4 25.Qa2 Reb7 26.Rxb7 Qxb7 27.Qxa3 Qb3 28.Qd6 Qb2 29.Nc5  1-0

[Event "Tallinn (Women)"]
[Site "Tallinn"]
[Date "1986.??.??"]
[Round "4"]
[White "Ranniku, Maaja"]
[Black "Limberg, T."]
[Result "1-0"]
[WhiteElo "2125"]
[BlackElo "1960"]

1.c4 e6 2.Nf3 d5 3.d4 Nf6 4.Nc3 Be7 5.e3 O-O 6.Bd3 c5 7.cxd5 exd5 8.dxc5 Bxc5
9.O-O Nc6 10.b3 a6 11.Bb2 Be6 12.Rc1 Ba7 13.Ne2 Rc8 14.Ned4 Nxd4 15.Nxd4 Bb8
16.Rxc8 Bxc8 17.Nf3 Re8 18.Bb1 Be6 19.Qd4 h6 20.h3 Qd6 21.Rd1 Qc7 22.Qh4 Nd7
23.g3 Qd8 24.Qxd8 Rxd8 25.Kg2 Nf8 26.Nd4 f6 27.Nf5 Kf7 28.Ba3 Bxf5 29.Bxf5 Ba7
30.Be4 Rd7 31.Rxd5 Rc7 32.Bd6 Rd7 33.Bxf8 Rxd5 34.Bxd5+ Kxf8 35.Bxb7 a5 36.Kf3 Bc5
37.Ke4 Bb4 38.f4 Ke7 39.g4 Ba3 40.h4 Bb2 41.h5 Bc1 42.Kd4 Kd6 43.Bg2 Ke6
44.f5+ Kd6 45.Bf3 Ke7 46.e4 Kd6 47.e5+ fxe5+ 48.Kc4 Ke7 49.Kb5 Bd2 50.a3 Kf6
51.Kc5 Kg5 52.b4 axb4 53.axb4 Kf4 54.Bd1 Be3+ 55.Kd5  1-0

[Event "Tbilisi"]
[Site "Tbilisi"]
[Date "1986.??.??"]
[Round "?"]
[White "Foisor, Ovidiu"]
[Black "Karolyi, Tibor Jr"]
[Result "1/2-1/2"]
[WhiteElo "2440"]
[BlackElo "2410"]

1.c4 e6 2.Nf3 d5 3.d4 dxc4 4.Qa4+ Nd7 5.e4 c5 6.Bxc4 cxd4 7.Nxd4 Bc5 8.Bb3 Bb6
9.Ne2 Nf6 10.e5 Nd5 11.Nd2 O-O 12.Nf3 Qc7  1/2-1/2

[Event "Zenica"]
[Site "Zenica"]
[Date "1986.??.??"]
[Round "9"]
[White "Sunye Neto, Jaime"]
[Black "Kovacevic, Vladimir"]
[Result "1-0"]
[WhiteElo "2515"]
[BlackElo "2325"]

1.c4 e6 2.Nf3 d5 3.g3 c6 4.b3 Nf6 5.Bg2 Nbd7 6.Bb2 b5 7.O-O Ba6 8.d3 Be7
9.Nbd2 O-O 10.Qc2 Rc8 11.e4 Qc7 12.Rac1 Qb8 13.Rfe1 Rfd8 14.Nd4 Bc5 15.N2f3 dxe4
16.dxe4 e5 17.Nf5 Ng4 18.Re2 bxc4 19.bxc4 g6 20.N5h4 Re8 21.h3 Ngf6 22.Rb1 Qc7
23.Qa4 Bb7 24.Nd2 Nh5 25.Kh2 Ng7 26.Nhf3 f6 27.h4 Rb8 28.Bh3 Bc8 29.Qc2 Nf8
30.Bxc8 Qxc8 31.Nb3 Be7 32.c5 Rd8 33.Rd1 Qa6 34.Rxd8 Rxd8 35.a3 Nfe6 36.Kg2 Qb5
37.Re3 a5 38.Rc3 a4 39.Nc1 Nxc5 40.Rc4 h5 41.Rb4 Qa6 42.Bc3 Nb3 43.Nxb3 Bxb4
44.Bxb4 axb3 45.Qxb3+ Kh7 46.Be7 Rd3 47.Qf7 Rd1 48.Nh2 Rd7 49.Qxf6 Qa7 50.Nf3 Rxe7
51.Ng5+ Kg8 52.Qxg6 Rf7 53.Nxf7 Qxf7 54.Qxc6 Ne6 55.Qd5 Nd4 56.Qxf7+ Kxf7
57.a4 Ke6 58.a5 Kd6 59.g4  1-0

[Event "ISL-ch"]
[Site "Akureyri"]
[Date "1987.??.??"]
[Round "9"]
[White "Olafsson, Helgi"]
[Black "Thorsteins, Karl"]
[Result "1/2-1/2"]
[WhiteElo "2550"]
[BlackElo "2445"]

1.c4 e6 2.Nf3 d5 3.d4 Nf6 4.Nc3 Be7 5.Bg5 h6 6.Bxf6 Bxf6 7.e3 O-O 8.Rc1 c6
9.Bd3 Nd7 10.O-O dxc4 11.Bxc4 e5 12.h3 exd4 13.exd4 Nb6 14.Bb3 Bf5 15.Re1 a5
16.Ne5 Bxe5 17.Rxe5 Bg6 18.Qg4 Kh8 19.a3 a4 20.Ba2 Qd6 21.Rce1 Nd7 22.Re7 Nf6
23.Qg3 Qxg3 24.fxg3 b5 25.Rc7 b4 26.axb4 Rab8 27.Rxc6 Rxb4 28.d5 Rxb2 29.d6 Rd8
30.Rd1 a3 31.Ra6 Ne4 32.Nxe4 Bxe4 33.Rxa3 Rxg2+ 34.Kf1 Rb2 35.Bd5 Bxd5 36.Rxd5 Rd7
37.Re3  1/2-1/2

[Event "Andorra zt"]
[Site "Andorra"]
[Date "1987.??.??"]
[Round "?"]
[White "Almeida, R."]
[Black "Antunes, Antonio"]
[Result "1-0"]
[WhiteElo "2240"]
[BlackElo "2405"]

1.c4 e6 2.Nf3 d5 3.b3 Nf6 4.g3 c5 5.Bg2 Nc6 6.O-O Be7 7.Bb2 d4 8.d3 O-O 9.e3 e5
10.exd4 exd4 11.Na3 Bf5 12.Nc2 a5 13.Re1 Bd6 14.a3 Qb6 15.Rb1 Qxb3 16.Bxd4 Qxd3
17.Bxf6 Qxd1 18.Rbxd1 Bxc2 19.Rxd6 gxf6 20.Re2 Bg6 21.Nh4 Nd4 22.Re7 Bd3
23.Bd5 Rab8 24.Rdd7 b5 25.cxb5 Rxb5 26.h3 Ne2+ 27.Kh2 c4 28.Bxf7+ Rxf7 29.Rxf7 Rd5
30.Rg7+ Kh8 31.Rxd5 Kxg7 32.Nf5+ Kf7 33.Ne3 a4 34.f4 Be4 35.Rc5 c3 36.Rc4 Bd3
37.Rc7+ Ke6 38.Kg2 Kd6 39.Rc8 Kd7 40.Rc5 Kd6 41.Rd5+  1-0

[Event "EU-ch U18"]
[Site "Arnhem"]
[Date "1987.??.??"]
[Round "1"]
[White "Bern, Ivar"]
[Black "Kosic, Dragan"]
[Result "0-1"]
[WhiteElo "2275"]
[BlackElo "2385"]

1.c4 e6 2.Nf3 d5 3.d4 Nf6 4.Bg5 Bb4+ 5.Nc3 h6 6.Bxf6 Qxf6 7.Qb3 Nc6 8.e3 dxc4
9.Bxc4 O-O 10.O-O Bxc3 11.Qxc3 Bd7 12.b4 Rfd8 13.b5 Ne7 14.Ne5 Be8 15.Rab1 Rac8
16.Qa3 c5 17.Qxa7 cxd4 18.exd4 Nf5 19.Rfd1 Nd6 20.Be2 Ne4 21.Bf3 Nc3 22.Qxb7 Nxd1
23.Rxd1 Rb8 24.Ng4 Qf4 25.Qa7 Rxb5 26.a4 Rb4 27.a5 Rbxd4 28.Re1 Bc6 29.Bxc6 Rd1  0-1

[Event "Wch U20"]
[Site "Baguio"]
[Date "1987.??.??"]
[Round "?"]
[White "Ballmann, Martin"]
[Black "Stefansson, Hannes"]
[Result "0-1"]
[WhiteElo "2290"]
[BlackElo "2335"]

1.c4 e6 2.Nf3 d5 3.d4 Nf6 4.Bg5 h6 5.Bh4 Be7 6.Nc3 b6 7.e3 Bb7 8.Bd3 dxc4
9.Bxc4 Nbd7 10.O-O O-O 11.Qe2 c5 12.Rfd1 Ne4 13.Nxe4 Bxh4 14.d5 exd5 15.Bxd5 Bxd5
16.Rxd5 Qe7 17.Nd6 Bf6 18.Rad1 Ne5 19.R1d2 Ng6 20.Qb5 Qe6 21.Nc4 Rad8 22.a4 Bd4
23.R5xd4 cxd4 24.Rxd4 Kh7 25.h4 f5 26.g3 Rf6 27.Rd5 f4 28.h5 fxg3 29.hxg6+ Rxg6  0-1

[Event "Bern"]
[Site "Bern"]
[Date "1987.??.??"]
[Round "?"]
[White "Szabo, Laszlo"]
[Black "Flueckiger, Christian"]
[Result "1/2-1/2"]
[WhiteElo "2450"]
[BlackElo "2265"]

1.c4 e6 2.Nf3 d5 3.d4 c5 4.cxd5 exd5 5.g3 Nf6 6.Bg2 Nc6 7.O-O Be7 8.dxc5 Bxc5
9.Nbd2 O-O 10.Nb3 Bb6 11.Nbd4 Re8 12.Be3 Rxe3 13.fxe3 Ng4 14.Qd3 Qe8 15.Nc2 Nxe3
16.Nxe3 Bxe3+ 17.Kh1 d4 18.Ne1 Ne5 19.Qe4 Bd7 20.Nd3 Nxd3 21.exd3 Qxe4 22.Bxe4 Bh3
23.Bxb7 Bxf1 24.Rxf1 Rd8 25.Rf5 Rd7 26.Rd5 Rxd5 27.Bxd5 Kf8 28.g4 g6 29.Kg2 Ke7
30.Kf3 f5 31.gxf5 gxf5 32.b4 Bd2 33.b5 Ba5 34.Bg8 h6  1/2-1/2

[Event "Noviki-A"]
[Site "Budapest"]
[Date "1987.??.??"]
[Round "?"]
[White "Bischoff, Klaus"]
[Black "Boensch, Uwe"]
[Result "1/2-1/2"]
[WhiteElo "2460"]
[BlackElo "2530"]

1.c4 e6 2.Nf3 d5 3.g3 Nf6 4.Bg2 Be7 5.O-O O-O 6.b3 b6 7.Bb2 Bb7 8.d3 c5 9.e3 Nc6
10.Qe2 dxc4 11.dxc4 Qc7  1/2-1/2

[Event "Noviki-B"]
[Site "Budapest"]
[Date "1987.??.??"]
[Round "?"]
[White "Bukal, Vladimir Sr"]
[Black "Barbero, Gerardo F"]
[Result "1/2-1/2"]
[WhiteElo "2435"]
[BlackElo "2425"]

1.c4 e6 2.Nf3 d5 3.d4 Nf6 4.Nc3 c6 5.cxd5 exd5 6.Bg5 Be7 7.Qc2 g6 8.e3 Bf5
9.Bd3 Bxd3 10.Qxd3 Nbd7 11.O-O O-O 12.Rab1 a5 13.a3 Re8 14.Qc2 Ne4 15.Bxe7 Qxe7
16.Nxe4 dxe4 17.Nd2 c5 18.dxc5 Nxc5 19.Rbd1 Rac8 20.Nb3 Nd3 21.Qb1 Qg5 22.Nc1 Nxc1  1/2-1/2

[Event "CAN-chJ"]
[Site "?"]
[Date "1987.??.??"]
[Round "6"]
[White "Puri, Vinny"]
[Black "Gentes, Kevin"]
[Result "1-0"]
[WhiteElo "2315"]
[BlackElo "2210"]

1.c4 e6 2.Nf3 d5 3.d4 Nd7 4.cxd5 exd5 5.Nc3 Ngf6 6.Bf4 c6 7.e3 Be7 8.Bd3 O-O
9.h3 Re8 10.O-O Nf8 11.Rb1 Ne6 12.Bh2 c5 13.Bc2 cxd4 14.Nxd4 a6 15.Nf5 Nc5
16.Nxe7+ Rxe7 17.Qd4 Ne6 18.Qh4 Rd7 19.Be5 h6 20.Rfd1 Ng5 21.f4 Ngh7 22.Bf5 Rd6
23.Bxc8 Rxc8 24.Bxd6 Qxd6 25.Qf2 Qe6 26.Rd4 Rc4 27.Rbd1 Rxd4 28.Rxd4 Nf8
29.Qd2 N8d7 30.Nxd5 Ne4 31.Qc2 f5 32.Qc8+ Kh7 33.Nc7 Qc6 34.Qxd7 Qc1+ 35.Kh2  1-0

[Event "Granma zt"]
[Site "Granma"]
[Date "1987.??.??"]
[Round "?"]
[White "Hernandez, Ga"]
[Black "Moran, Bernardo"]
[Result "1/2-1/2"]
[WhiteElo "2355"]
[BlackElo "2290"]

1.c4 e6 2.Nf3 d5 3.d4 Nf6 4.cxd5 exd5 5.Nc3 c6 6.Bg5 Be7 7.e3 O-O 8.Bd3 Nbd7
9.O-O Re8 10.Qc2 Nf8 11.Rab1 a5 12.a3  1/2-1/2

[Event "Halle-B"]
[Site "Halle"]
[Date "1987.??.??"]
[Round "4"]
[White "Liebert, Heinz"]
[Black "Varga, Zoltan"]
[Result "1/2-1/2"]
[WhiteElo "2400"]
[BlackElo "2300"]

1.c4 e6 2.Nf3 d5 3.b3 Nf6 4.Bb2 Bd6 5.g3 O-O 6.Bg2 Qe7 7.O-O c6 8.d4 b5 9.Nbd2 Nbd7
10.Qc2 Rb8 11.c5 Bc7 12.b4 a5 13.a3 a4 14.Rae1 h6 15.Ne5 Bb7 16.f4 Rbe8 17.e3 Qd8
18.Rf2 Nh7 19.e4 Re7 20.Rfe2 Rfe8 21.Bf3 Ndf8 22.Nd3 f6 23.Rg2 Bc8 24.e5 f5
25.g4 g6 26.Nf1 Rg7 27.Bc1 Bd7 28.Kh1 Ree7 29.Ng3 Be8 30.Reg1 Kh8 31.Nf2 Qd7
32.Be2 Bd8 33.Bd3 Ref7 34.Qe2 Bh4 35.Nh3 Bd8 36.Be3 Qc8 37.Qd1 Be7 38.Be2 Bd8
39.Qd2 Qd7 40.Bd1 Qc8 41.Qd3 Qd7 42.Be2 Qc8 43.Qd1 Qd7 44.Qb1 Qc8 45.Qc1 Qd7
46.Bd1 Qa7 47.Qd2 Qd7 48.Nf2 Qc8 49.Nh3 Qd7 50.g5 h5 51.Bxh5 gxh5 52.Nxh5 Ng6
53.Nf6 Qe7 54.Qf2 Nhf8 55.Rg3 Rh7 56.Bd2 Rh4 57.Rc3  1/2-1/2

[Event "Medellin"]
[Site "Medellin"]
[Date "1987.??.??"]
[Round "?"]
[White "Verduga, Denis Homero"]
[Black "Baquero, Luis A"]
[Result "0-1"]
[WhiteElo "2435"]
[BlackElo "2240"]

1.c4 e6 2.Nf3 d5 3.d4 c5 4.cxd5 exd5 5.Nc3 Nc6 6.g3 Nf6 7.Bg2 Be7 8.O-O O-O
9.Bf4 Bg4 10.dxc5 d4 11.Na4 Nd5 12.Nxd4 Nxf4 13.Nxc6 Nxe2+ 14.Kh1 bxc6 15.f3 Bf5
16.Qxe2 Bd3 17.Qf2 Bxf1 18.Rxf1 Qa5 19.b3 Rad8 20.f4 Rd2 21.Qe3 Qd8 22.Re1 Rd1
23.Bxc6 Bxc5 24.Nxc5 Rxe1+ 25.Qxe1 Qd6 26.Qe4 Qxc5 27.b4 Qf2 28.Qg2 Qe1+
29.Qg1 Qxg1+ 30.Kxg1 Rd8 31.Kf2 Rd2+ 32.Ke3 Rxa2 33.Kd4 Rxh2 34.Bd5 Kf8 35.Ke5 Ke7
36.Bc4 Rh6 37.g4 Rd6  0-1

[Event "Munich zt"]
[Site "Munich"]
[Date "1987.??.??"]
[Round "?"]
[White "Shvidler, Eliahu"]
[Black "Klinger, Josef"]
[Result "1/2-1/2"]
[WhiteElo "2450"]
[BlackElo "2465"]

1.c4 e6 2.Nf3 d5 3.g3 Nf6 4.Bg2 Be7 5.O-O O-O 6.d4 c5 7.cxd5 exd5 8.Be3 c4
9.b3 cxb3 10.Qxb3 Nc6 11.Nc3 Na5 12.Qb1 h6 13.Ne5 Be6 14.a4 Rc8 15.Rc1 b6
16.Bd2 Nc4 17.Be1 Bd6 18.Nxc4 Rxc4 19.Nb5 Bb8 20.Rxc4 dxc4 21.e4 a6 22.d5 axb5
23.dxe6 Be5 24.Ra2 bxa4 25.Rxa4 fxe6 26.Rxc4 Nd7 27.f4 Bd6 28.e5 Bc5+ 29.Kh1 Nb8
30.Bf3 Qd7 31.Qd1 Qb5 32.Qa4 Qb1 33.Qd1 Qb5 34.Qa4 Qb1 35.Qd1  1/2-1/2

[Event "Poznan"]
[Site "Poznan"]
[Date "1987.??.??"]
[Round "?"]
[White "Schmidt, Wlodzimierz"]
[Black "Ostrowski, Leszek"]
[Result "1-0"]
[WhiteElo "2470"]
[BlackElo "2385"]

1.Nf3 e6 2.c4 d5 3.d4 c6 4.Qc2 Nf6 5.g3 Be7 6.Bg2 O-O 7.O-O b6 8.b3 Ba6 9.Nbd2 Nbd7
10.Rd1 Rc8 11.e4 Bb7 12.Bb2 Rc7 13.e5 Ne8 14.Rac1 c5 15.Qb1 Qa8 16.cxd5 Bxd5
17.h4 cxd4 18.Bxd4 Nc5 19.Ne1 Bxg2 20.Nxg2 Rd7 21.Bxc5 bxc5 22.Ne4 Rd5 23.f4 Nc7
24.Ne3 Rxd1+ 25.Rxd1 Rd8 26.Rxd8+ Qxd8 27.Qd1 Nd5 28.Nc4 Bxh4 29.gxh4 Qxh4
30.Qf3 Nxf4 31.Kf1 h6 32.Nxc5 Qh2 33.Nd7 Nd5 34.Nd6 f5 35.exf6 gxf6 36.Qg4+  1-0

[Event "Pucarevo zt"]
[Site "Pucarevo"]
[Date "1987.??.??"]
[Round "7"]
[White "Barlov, Dragan"]
[Black "Marjanovic, Slavoljub"]
[Result "1/2-1/2"]
[WhiteElo "2495"]
[BlackElo "2505"]

1.c4 e6 2.Nf3 d5 3.g3 dxc4 4.Qa4+ Nd7 5.Qxc4 b6 6.Bg2 Bb7 7.O-O c5 8.d3 Ngf6
9.Qb3 a6 10.Nc3 h6 11.Rd1 Rc8 12.Ne4 Nd5 13.Nc3 Be7 14.Nxd5 exd5 15.d4 O-O
16.Bf4 b5 17.dxc5 Nxc5 18.Qe3 Re8 19.Be5 Bd6 20.Qd4 Bxe5 21.Nxe5 Qd6 22.Nd3 Rxe2
23.Rac1 Nxd3 24.Rxc8+ Bxc8 25.Qxd3 Qe5 26.Bxd5 Bh3 27.Qc3 g6 28.Qxe5 Rxe5
29.b4 Re7 30.Bg2 Bxg2 31.Kxg2 Re2 32.a4 bxa4 33.Ra1  1/2-1/2

[Event "Riga op"]
[Site "Riga"]
[Date "1987.??.??"]
[Round "?"]
[White "Sokolov, Andrei"]
[Black "Sveshnikov, Evgeny"]
[Result "1-0"]
[WhiteElo "2645"]
[BlackElo "2535"]

1.c4 e6 2.Nf3 d5 3.b3 Nf6 4.Bb2 Bd6 5.g3 O-O 6.Bg2 b6 7.O-O Bb7 8.Nc3 a6
9.Rc1 Nbd7 10.e3 Qe7 11.Qe2 Rfe8 12.d3 Ba3 13.Bxa3 Qxa3 14.cxd5 exd5 15.Nd4 Qe7
16.Nf5 Qe5 17.g4 c5 18.f4 Qe6 19.Qf3 Rab8 20.Nd1 Nf8 21.Bh3 d4 22.e4 Nxe4
23.dxe4 Bxe4 24.Qg3 Ng6 25.Nf2 Bc6 26.Nd3 Be4 27.Rce1 Qd5 28.Bg2 a5 29.Rxe4 Rxe4
30.Nf2 Nxf4 31.Nxe4 Ne2+ 32.Kf2 Nxg3 33.Ne7+ Kf8 34.Nxd5 Nxf1 35.Bxf1 Ke8
36.Bb5+ Kd8 37.Nd6 f6 38.Kf3 Ra8 39.Nf7+ Kc8  1-0

[Event "ARG-ch"]
[Site "Salta"]
[Date "1987.??.??"]
[Round "5"]
[White "Hoffman, Alejandro"]
[Black "Glavina, Pablo"]
[Result "1-0"]
[WhiteElo "2315"]
[BlackElo "2255"]

1.c4 e6 2.Nf3 d5 3.b3 c5 4.e3 Nc6 5.Bb2 d4 6.exd4 cxd4 7.g3 Nf6 8.Bg2 Be7
9.O-O e5 10.Re1 Qc7 11.Qe2 Nd7 12.Nxd4 Nxd4 13.Bxd4 O-O 14.Nc3 exd4 15.Nd5 Qc5
16.b4 Qd6 17.c5 Qb8 18.Nxe7+ Kh8 19.c6 bxc6 20.Bxc6  1-0

[Event "San Francisco"]
[Site "San Francisco"]
[Date "1987.??.??"]
[Round "?"]
[White "Spraggett, Kevin"]
[Black "Leski, Marc"]
[Result "1/2-1/2"]
[WhiteElo "2570"]
[BlackElo "2390"]

1.c4 e6 2.Nf3 d5 3.d4 c5 4.cxd5 exd5 5.g3 Nf6 6.Bg2 Be7 7.O-O O-O 8.Nc3 Nc6
9.dxc5 Bxc5 10.Bg5 d4 11.Bxf6 Qxf6 12.Nd5 Qd8 13.Nd2 Re8 14.Rc1 Bb6 15.Re1 Bg4
16.Nc4 Ba5 17.Nxa5 Qxa5 18.b4 Nxb4 19.Qd2 Nc6 20.Qxa5 Nxa5 21.Nc7 d3 22.Rb1 d2
23.Red1 Bxe2 24.Rxd2 Rad8 25.Rbb2 Rxd2 26.Rxd2 Nc4 27.Nxe8 Nxd2  1/2-1/2

[Event "Sarajevo"]
[Site "Sarajevo"]
[Date "1987.??.??"]
[Round "?"]
[White "Dizdarevic, Emir"]
[Black "Dizdar, Goran"]
[Result "1/2-1/2"]
[WhiteElo "2490"]
[BlackElo "2505"]

1.c4 e6 2.Nf3 d5 3.g3 Nf6 4.Bg2 Be7 5.O-O O-O 6.d4 b6 7.cxd5 exd5 8.Nc3 Bb7
9.Ne5 Na6 10.Bg5 Ne4 11.Bxe7 Qxe7 12.Nd3 c5 13.Nf4 Rfd8 14.Rc1 Nxc3 15.Rxc3 c4
16.Re3 Qb4 17.Qc2 Qd6 18.Re5 Nc7 19.b3 b5 20.bxc4 bxc4 21.Rb1 Bc6 22.e4 Nb5
23.Rxd5 Bxd5 24.Rxb5 Bc6 25.e5 Qd7 26.e6 fxe6 27.Rh5 g6 28.Bxc6 Qxd4 29.Bxa8 Qd1+
30.Qxd1 Rxd1+ 31.Kg2 gxh5 32.Kf3  1/2-1/2

[Event "URS Army-ch"]
[Site "Tashkent"]
[Date "1987.??.??"]
[Round "?"]
[White "Huzman, Alexander"]
[Black "Legky, Nikolay A"]
[Result "0-1"]
[WhiteElo "2475"]
[BlackElo "2350"]

1.c4 e6 2.Nf3 d5 3.d4 Nf6 4.Nc3 c5 5.cxd5 exd5 6.g3 Nc6 7.Bg2 Be7 8.O-O O-O
9.Bg5 c4 10.Ne5 Be6 11.Nxc6 bxc6 12.b3 Qa5 13.Qc2 Rfd8 14.e3 Rac8 15.bxc4 dxc4
16.Ne4 c5 17.dxc5 h6 18.Bxf6 gxf6 19.Rfd1 f5 20.Nd6 Bxd6 21.cxd6 c3 22.Rd3 Qa3
23.Rad1 a5 24.Bd5 Rxd6 25.Bxe6 Rxe6 26.Rd8+ Re8 27.Rxc8 Rxc8 28.Qxf5 Rc6
29.Qg4+ Rg6 30.Qc8+ Kg7 31.Rd3 Qxa2 32.Qxc3+ Rf6 33.f4 Kg6 34.Rd8 Qe2 35.Rg8+ Kh7
36.Rb8 Re6 37.Rh8+ Kg6 38.Rg8+ Kf5 39.Qxa5+ Ke4 40.Qb4+ Kf3  0-1

[Event "Vrnjacka Banja"]
[Site "Vrnjacka Banja"]
[Date "1987.??.??"]
[Round "3"]
[White "Lechtynsky, Jiri"]
[Black "Semkov, Semko"]
[Result "1/2-1/2"]
[WhiteElo "2445"]
[BlackElo "2440"]

1.c4 e6 2.Nf3 d5 3.d4 c6 4.e3 a6 5.Nc3 Nf6 6.a3 Nbd7 7.Bd2 dxc4 8.Bxc4 c5
9.O-O b5 10.Ba2 b4 11.Ne2 Bb7 12.Nf4 Bd6 13.dxc5 Nxc5 14.axb4 Nce4 15.Nd4 e5
16.f3 exf4 17.fxe4 Bxe4 18.exf4 O-O 19.Be3 Bxb4 20.Nf3 Bd3 21.Qb3 Bxf1 22.Qxb4 Be2
23.Nd4 Bb5 24.Nf5 Qd3 25.Qc5 Nd7 26.Qd5 Qxd5 27.Bxd5 Rae8 28.Bd4 Nf6 29.Nh6+ gxh6
30.Bxf6 Re3 31.Rc1 Rd3 32.Ba2 Re8 33.h3 Rd6 34.Be5 Rc6 35.Rd1 Rc2 36.Bb3 Rcc8
37.Rd6 Rc6 38.Rd2 Rc1+ 39.Kh2 Rc6 40.Rd6 Bc4 41.Bxc4 Rxc4 42.Rxa6 Rb4 43.Kg3 Rxe5
44.fxe5 Rb3+ 45.Kf4 Rxb2 46.g4 Kg7 47.h4 Rb4+ 48.Kf5 h5 49.gxh5 h6 50.Ra7 Rxh4
51.e6 Rxh5+ 52.Kf4 Kf8 53.Rxf7+ Ke8  1/2-1/2